WW1 multiple choice Quiz - Statistics

General Stats
  • This quiz has been taken 124 times
  • The average score is 8 of 15
Answer Stats
Question Answer % Correct
Year ww1 started 1914
96%
What caused ww1 or catalyst Assassination of Franz Ferdinand
75%
what escalated ww1 German Empire
67%
What was the cause that made Britain enter ww1 Invasion of Belgium by Germany
67%
First country in the Central Powers to sign a armistice Bulgaria
63%
Last country in the Central Powers to sign a armistice German Empire
63%
What was the date ww1 ended (armistice signed) November 11
63%
What started ww1 Austria Hungary
58%
What was the largest navy in ww1 British Navy
58%
What weakened the German Empire the most outside the fronts British Blockade
54%
What allowed German Empire to launch the Spring Offensive German troops freed up after Brest Livtosk
46%
What country was Austria not able to unify with after ww1 Weimar Republic
38%
What treaty divided Austria Hungary San Germain and Trianon
29%
What caused Germany to sign the armistice 100 Days Offensive
21%
What country experienced the most inflation after ww1 Hungary
17%
No matching quizzes found
Score Distribution
Percent of People with Each Score
Percentile by Number Answered
Your Score History
You have not taken this quiz